<?xml version="1.0" encoding="UTF-8"?><?xml-stylesheet type="text/xsl" href="static/style.xsl"?><OAI-PMH xmlns="http://www.openarchives.org/OAI/2.0/" xmlns:xsi="http://www.w3.org/2001/XMLSchema-instance" xsi:schemaLocation="http://www.openarchives.org/OAI/2.0/ http://www.openarchives.org/OAI/2.0/OAI-PMH.xsd"><responseDate>2026-04-14T09:43:19Z</responseDate><request verb="GetRecord" identifier="oai:www.recercat.cat:2445/218011" metadataPrefix="marc">https://recercat.cat/oai/request</request><GetRecord><record><header><identifier>oai:recercat.cat:2445/218011</identifier><datestamp>2026-04-10T05:06:28Z</datestamp><setSpec>com_2072_1057</setSpec><setSpec>col_2072_478917</setSpec><setSpec>col_2072_478922</setSpec></header><metadata><record xmlns="http://www.loc.gov/MARC21/slim" xmlns:dcterms="http://purl.org/dc/terms/" xmlns:xsi="http://www.w3.org/2001/XMLSchema-instance" xmlns:doc="http://www.lyncode.com/xoai" xsi:schemaLocation="http://www.loc.gov/MARC21/slim http://www.loc.gov/standards/marcxml/schema/MARC21slim.xsd">
   <leader>00925njm 22002777a 4500</leader>
   <datafield ind2=" " ind1=" " tag="042">
      <subfield code="a">dc</subfield>
   </datafield>
   <datafield ind2=" " ind1=" " tag="720">
      <subfield code="a">Novella Cámara, Ana M. (Ana María)</subfield>
      <subfield code="e">author</subfield>
   </datafield>
   <datafield ind2=" " ind1=" " tag="720">
      <subfield code="a">Sabariego Puig, Marta</subfield>
      <subfield code="e">author</subfield>
   </datafield>
   <datafield ind2=" " ind1=" " tag="260">
      <subfield code="c">2025-01-27T14:45:35Z</subfield>
   </datafield>
   <datafield ind2=" " ind1=" " tag="260">
      <subfield code="c">2023-06</subfield>
   </datafield>
   <datafield ind2=" " ind1=" " tag="260">
      <subfield code="c">info:eu-repo/date/embargoEnd/2150-01-01</subfield>
   </datafield>
   <datafield ind2=" " ind1=" " tag="520">
      <subfield code="a">Este libro ofrece elementos para abordar uno de los desafíos colectivos más importantes que tenemos como sociedad: la participación de la infancia en los espacios socioeducativos y en la vida política. Está dirigido a profesionales de la educación, estudiantes, responsables de entidades socioeducativas y agentes locales encargados de fomentar la participación de los niños y adolescentes. A través del diálogo y la colaboración con los verdaderos protagonistas, tanto adultos como los propios niños y adolescentes, el libro proporciona claves y estrategias para reflexionar sobre la innovación en la participación infantil. A lo largo de sus capítulos se aborda cómo avanzar en el acompañamiento de los niños y adolescentes en su ejercicio de participación, así como su inclusión en la toma de decisiones locales. También ofrece pautas sobre cómo promover espacios y prácticas participativas autogestionadas por ellos en su entorno. Se profundiza en conceptos avanzados y se presentan herramientas metodológicas para mejorar la participación de manera colaborativa con los agentes municipales. Además, se plantean desafíos de presente continuo con el fin de contribuir a la necesidad de incluir a la infancia como ciudadanía presente, activa y comprometida, que forma parte integral de las decisiones de su entorno. Esta obra coral busca impulsar el reconocimiento y la valoración de la participación ciudadana de los niños y adolescentes en la sociedad, con el objetivo de construir un presente más inclusivo y participativo.</subfield>
   </datafield>
   <datafield tag="653" ind2=" " ind1=" ">
      <subfield code="a">Participació social</subfield>
   </datafield>
   <datafield tag="653" ind2=" " ind1=" ">
      <subfield code="a">Participació ciutadana</subfield>
   </datafield>
   <datafield tag="653" ind2=" " ind1=" ">
      <subfield code="a">Infància</subfield>
   </datafield>
   <datafield tag="653" ind2=" " ind1=" ">
      <subfield code="a">Social participation</subfield>
   </datafield>
   <datafield tag="653" ind2=" " ind1=" ">
      <subfield code="a">Citizen participation</subfield>
   </datafield>
   <datafield tag="653" ind2=" " ind1=" ">
      <subfield code="a">Childhood</subfield>
   </datafield>
   <datafield ind2="0" ind1="0" tag="245">
      <subfield code="a">Participación de la infancia. Oportunidades para avanzar como comunidad</subfield>
   </datafield>
</record></metadata></record></GetRecord></OAI-PMH>